Jazz Organ - Piano cho mọi người

Zapisane w:
Opis bibliograficzny
1. autor: Nguyễn, Bách
Kolejni autorzy: Huyền, Trâm
Format: Książka
Wydane: H. Âm nhạc 2003
Hasła przedmiotowe:
Etykiety: Dodaj etykietę
Nie ma etykietki, Dołącz pierwszą etykiete!
Thư viện lưu trữ: Trung tâm Học liệu Lê Vũ Hùng, Trường Đại học Đồng Tháp
LEADER 00753pam a22002538a 4500
001 00039368
005 20171026081025.0
008 170518s2003 ||||||Viesd
041 0 # |a Vie 
082 1 4 |a 786.2  |b J100O 
100 1 # |a Nguyễn, Bách 
245 1 0 |a Jazz Organ - Piano cho mọi người  |c Nguyễn Bách, Huyền Trâm 
260 # # |a H.  |b Âm nhạc  |c 2003 
300 # # |a 106 tr.  |b 27cm 
653 # # |a Jazz 
653 # # |a Organ 
653 # # |a Piano 
700 1 # |a Huyền, Trâm 
852 # # |b Kho mượn  |j KM.0022261 
852 # # |b Kho đọc  |j KD.0021186 
852 # # |j KD.0021186  |j KM.0022261  |j KM.0025174 
910 |d 18/05/2017 
980 # # |a Trung tâm Học liệu Lê Vũ Hùng, Trường Đại học Đồng Tháp